| 000 | 00613nam a22001817a 4500 | ||
|---|---|---|---|
| 999 |
_c138907 _d138907 |
||
| 005 | 20230201153817.0 | ||
| 010 | _aENG-136099 | ||
| 020 |
_a9789351950332 _c399.00 |
||
| 035 | _aEN-119631 | ||
| 037 | _bDBAD/PUB | ||
| 082 | _a335.4095421 | ||
| 100 | _aPrasad, Rohit | ||
| 245 |
_aBlood red river : _ba journey into the heart o India development confit/ _cby Rohit Prasad |
||
| 260 |
_aGurgaon _bHachette Book Publishing _c2016 |
||
| 270 |
_a4th & 5th Floors, Corporate Center, Plot No. 94, Sector 44 _bGurgaon _e122003 |
||
| 300 |
_axiv,390p. _c21cm(pbk) |
||
| 942 |
_2ddc _cEN _mPRA _h335.4095421 |
||